Central Library OPAC University of Rajshahi

Eco-Biology and Biochemical Composition of Lates Calcrifer (Bloch, 1790) in Coastal water of Bangladesh / (Record no. 75498)

MARC details
000 -LEADER
fixed length control field 00970ntm a2200253 a 4500
001 - CONTROL NUMBER
control field 75498
003 - CONTROL NUMBER IDENTIFIER
rucl marc code BD-RjUL
005 - DATE AND TIME OF LATEST TRANSACTION
control field 20211209082712.0
008 - FIXED-LENGTH DATA ELEMENTS--GENERAL INFORMATION
fixed length control field 190416s2016 bg a|||| mb|| 00| 0 eng d
035 ## - SYSTEM CONTROL NUMBER
System control number (BD-RjUL)75716
040 ## - CATALOGING SOURCE
Original cataloging agency BD-RjUL
Language of cataloging eng
Transcribing agency BD-RjUL
Modifying agency BD-RjUL
041 ## - LANGUAGE CODE
Language code of text/sound track or separate title eng
082 ## - DEWEY DECIMAL CLASSIFICATION NUMBER
Edition number 23
Classification number 639.3772
Author mark and year KAE 2016
100 1# - MAIN ENTRY--PERSONAL NAME
Personal name Kamruzzaman, Sk.
9 (RLIN) 230730
245 10 - TITLE STATEMENT
Title Eco-Biology and Biochemical Composition of Lates Calcrifer (Bloch, 1790) in Coastal water of Bangladesh /
Statement of responsibility, etc. by Sk. Kamruzzaman ;
Linkage Suvervisor : Md. Delwer Hossain
260 ## - PUBLICATION, DISTRIBUTION, ETC. (IMPRINT)
Place of publication, distribution, etc. Rajshahi:
Name of publisher, distributor, etc. Department of Fisheries, R. U.,
Date of publication, distribution, etc. 2016
300 ## - PHYSICAL DESCRIPTION
Pagination xvi, 189leaves:
Illustrations Ill. ;
Size 30 cm.
502 ## - DISSERTATION NOTE
Dissertation note Thesis (Ph.D.) -- Department of Fisheries, R. U., 2016
504 ## - BIBLIOGRAPHY, ETC. NOTE
Bibliography, etc Refernces : leaves [135]-160
650 ## - SUBJECT ADDED ENTRY--TOPICAL TERM
Topical term or geographic name as entry element Fish culture (Bhetki and Coral)
Form subdivision Research
Geographic subdivision Bangladesh
-- Khulna
9 (RLIN) 230731
Topical term or geographic name as entry element Centropomidae
9 (RLIN) 230732
700 ## - ADDED ENTRY--PERSONAL NAME
Personal name Hossain, Md. Delwer, Suvervisor
942 ## - ADDED ENTRY ELEMENTS (KOHA)
Source of classification or shelving scheme Dewey Decimal Classification
Koha item type Theses
Holdings
Lost status Source of classification or shelving scheme Damaged status Not for loan Collection code Permanent Location Current Location Shelving location Date acquired Source of acquisition Total Checkouts Full call number Date last seen Copy number Koha item type
  Dewey Decimal Classification   Not For Loan Theses Central Library, University of Rajshahi Central Library, University of Rajshahi Documentation Section 15/01/2018 Controller of Examination Office, R. U.   THE 639.3772 KAE 2016 16/04/2019 C-1 Theses